000
00252 a2200145 4500
001
170350
020
_a
040
_c
Magnum
240
1
0
_a
Darwin
_l
por
245
1
0
_a
Darwin
300
_a
71
362
0
_a
2007
697
_a
BIOLOGIA
942
_c
BK
999
_c
170350
_d
170350